000 00488nam a2200205Ia 4500
003 OSt
005 20220629153037.0
008 210210b2011 xxu||||| |||| 00| 0 eng d
040 _cAL
041 _aeng
082 _a332.1 RAMB
100 _aRAMAN (B S)
_946073
245 _aBanking theory and practice
260 _aMangalore
_bUnited Publishers
_c2011
300 _avi,306
650 _aIV Semr BBM
_946074
690 _aBanking
_946075
906 _a067461
942 _2ddc
_cBK
999 _c150220
_d150220